[Event "Varna op-A 8th"]
[Site "Varna"]
[Date "2014.06.25"]
[Round "7"]
[White "Gurvich, Vitaly"]
[Black "Spassov, Liuben"]
[Result "1/2-1/2"]
[WhiteElo "2129"]
[BlackElo "2322"]
[PlyCount "97"]
[EventDate "2014.06.19"]
[EventType "swiss"]
[EventRounds "9"]
[EventCountry "BUL"]
[SourceTitle "CBM 161 Extra"]
[Source "ChessBase"]
[SourceDate "2014.08.29"]
[SourceVersion "1"]
[SourceVersionDate "2014.08.29"]
[SourceQuality "1"]

1. d4 Nf6 2. c4 e6 3. Nf3 Bb4+ 4. Nc3 c5 5. g3 Nc6 6. Bg2 Ne4 7. Qd3 cxd4 8. Nxd4 Nxc3 9. bxc3 Ne5 10. Qc2 Be7 11. Qb3 d6 12. Ba3 a6 13. f4 Nd7 14. 0-0 0-0 15. Rfd1 Qc7 16. Rab1 Rb8 17. e3 Re8 18. Rd2 g6 19. Ne2 b5 20. cxb5 Rxb5 21. Qd1 Rxb1 22. Qxb1 Nb6 23. Rd1 Nc4 24. Bc1 d5 25. e4 Bc5+ 26. Kh1 Bb7 27. exd5 Bxd5 28. Bxd5 exd5 29. Qd3 Re4 30. f5 Ne3 31. Bxe3 Rxe3 32. Qc2 Qc6 33. Nd4 Bxd4 34. Rxd4 Rxc3 35. Qa4 Rc1+ 36. Kg2 Qc2+ 37. Qxc2 Rxc2+ 38. Kf3 Rxa2 39. Rxd5 Kg7 40. h4 Rb2 41. Ra5 Rb6 42. g4 gxf5 43. gxf5 h5 44. Ke4 Kf6 45. Kf4 Rc6 46. Ra4 Rb6 47. Ra5 Rb4+ 48. Kg3 Rb6 49. Kf4 1/2-1/2

[Event "Varna op-A 8th"]
[Site "Varna"]
[Date "2014.06.24"]
[Round "6"]
[White "Spassov, Liuben"]
[Black "Santiago, Yago de Moura"]
[Result "0-1"]
[WhiteElo "2322"]
[BlackElo "2466"]
[PlyCount "72"]
[EventDate "2014.06.19"]
[EventType "swiss"]
[EventRounds "9"]
[EventCountry "BUL"]
[SourceTitle "CBM 161 Extra"]
[Source "ChessBase"]
[SourceDate "2014.08.29"]
[SourceVersion "1"]
[SourceVersionDate "2014.08.29"]
[SourceQuality "1"]

1. Nf3 Nf6 2. c4 e6 3. g3 d5 4. d4 dxc4 5. Bg2 a6 6. 0-0 b5 7. Ne5 Nd5 8. a4 Bb7 9. axb5 axb5 10. Rxa8 Bxa8 11. e4 Nf6 12. Nc3 c6 13. d5 Be7 14. dxe6 fxe6 15. Bh3 Qxd1 16. Rxd1 Nbd7 17. Nxd7 Nxd7 18. Bxe6 Nc5 19. Bf5 Nd3 20. f4 g6 21. Be6 Bc5+ 22. Kg2 Ke7 23. f5 Nxc1 24. Rxc1 Rd8 25. Rc2 Kf6 26. Re2 Ke5 27. h4 Bb4 28. Kh3 Bxc3 29. bxc3 c5 30. Bf7 gxf5 31. exf5+ Kxf5 32. Rb2 Bc6 33. Rf2+ Ke4 34. Kg4 Kd3 35. Kg5 Kxc3 36. Kh6 Be4 0-1

[Event "Varna op-A 8th"]
[Site "Varna"]
[Date "2014.06.22"]
[Round "4"]
[White "Spassov, Liuben"]
[Black "Surendran, N."]
[Result "1-0"]
[WhiteElo "2322"]
[BlackElo "2268"]
[PlyCount "167"]
[EventDate "2014.06.19"]
[EventType "swiss"]
[EventRounds "9"]
[EventCountry "BUL"]
[SourceTitle "CBM 161 Extra"]
[Source "ChessBase"]
[SourceDate "2014.08.29"]
[SourceVersion "1"]
[SourceVersionDate "2014.08.29"]
[SourceQuality "1"]

1. d4 Nf6 2. c4 e6 3. g3 d5 4. Nf3 Be7 5. Bg2 0-0 6. 0-0 dxc4 7. Qc2 a6 8. a4 Bd7 9. Rd1 Bc6 10. Nc3 a5 11. e4 Na6 12. Ne5 Nb4 13. Qe2 Rb8 14. Be3 h6 15. Rd2 b6 16. Nxc6 Nxc6 17. Qxc4 Nb4 18. h3 Qd7 19. b3 c6 20. Qe2 Rfd8 21. f4 Rbc8 22. g4 Qe8 23. g5 hxg5 24. fxg5 Nh7 25. h4 c5 26. dxc5 Bxc5 27. Rad1 Rxd2 28. Rxd2 Nf8 29. Bxc5 Rxc5 30. Nb5 Rc1+ 31. Bf1 Qc8 32. Nd6 Qc5+ 33. Qf2 Qxf2+ 34. Kxf2 Rc3 35. Nc4 Rxb3 36. Nxb6 Nc6 37. Nc4 Rb4 38. Rd6 Ne7 39. h5 Rxa4 40. Ra6 Ra2+ 41. Be2 f6 42. g6 Nexg6 43. Ke3 Kh7 44. hxg6+ Nxg6 45. Bg4 e5 46. Bf5 Kh6 47. Bxg6 Kxg6 48. Nxe5+ Kh7 49. Nc4 a4 50. Nb6 a3 51. Nc4 Ra1 52. Rxa3 Rg1 53. Ra7 Rd1 54. Nb6 Kh6 55. Ra5 g6 56. Rd5 Re1+ 57. Kf3 Kg7 58. Rd7+ Kh6 59. Nc4 Rc1 60. Ne3 Ra1 61. Kf4 f5 62. e5 Ra4+ 63. Kf3 Re4 64. Re7 Kg5 65. Nd5 Rd4 66. Nf6 Rd3+ 67. Ke2 Ra3 68. Nd5 f4 69. e6 Kg4 70. Rf7 f3+ 71. Kd2 Ra2+ 72. Kd3 Ra5 73. Ke4 Ra4+ 74. Ke5 Ra1 75. Ne3+ Kg3 76. e7 Ra3 77. Kd4 Ra4+ 78. Nc4 Ra7 79. e8Q Rxf7 80. Qxf7 g5 81. Ke3 g4 82. Qf4+ Kg2 83. Qxg4+ Kf1 84. Nd2+ 1-0

[Event "Golden Sands Europe op 3rd"]
[Site "Golden Sands"]
[Date "2014.06.14"]
[Round "5"]
[White "Petrisor, Adrian Marian"]
[Black "Spassov, Liuben"]
[Result "1-0"]
[WhiteElo "2432"]
[BlackElo "2322"]
[PlyCount "121"]
[EventDate "2014.06.10"]
[EventType "swiss"]
[EventRounds "9"]
[EventCountry "BUL"]
[SourceTitle "CBM 160 Extra"]
[Source "ChessBase"]
[SourceDate "2014.07.01"]
[SourceVersion "1"]
[SourceVersionDate "2014.07.01"]
[SourceQuality "1"]

1. c4 c5 2. Nc3 Nc6 3. g3 g6 4. Bg2 Bg7 5. Nf3 e6 6. 0-0 Nge7 7. a3 b6 8. b4 Bb7 9. Rb1 d6 10. e3 0-0 11. d4 Rb8 12. Qd3 a6 13. d5 exd5 14. cxd5 Na7 15. e4 h6 16. Be3 Qd7 17. Nd2 Nb5 18. Ne2 Nc7 19. bxc5 bxc5 20. Nc4 Ba8 21. Bf4 Rxb1 22. Rxb1 Nc8 23. h4 Rd8 24. Rb8 Bf8 25. Qd2 Kh7 26. Kh2 Na7 27. Bh3 Qe8 28. Rxd8 Qxd8 29. Qa5 Nab5 30. a4 Nd4 31. Nxd4 cxd4 32. Qb6 d3 33. Qd4 Ne8 34. Qxd3 Bb7 35. Qb3 Qc7 36. Qb6 Qxc4 37. Qxb7 Kg8 38. a5 Nf6 39. Kg1 Nxe4 40. Bf1 Qc5 41. Qb6 Qxb6 42. axb6 Nc5 43. Be3 Kg7 44. h5 Be7 45. hxg6 fxg6 46. Bxc5 dxc5 47. Bxa6 g5 48. Kg2 Kf6 49. f4 Bd6 50. Kf3 h5 51. Bd3 h4 52. gxh4 gxh4 53. Bf1 Bb8 54. b7 Bd6 55. Ke4 Bc7 56. Bh3 Bd6 57. Bg4 Kg6 58. f5+ Kf6 59. Bh3 Bc7 60. Kd3 Ke7 61. Kc4 1-0

[Event "Albena Masters op"]
[Site "Albena"]
[Date "2014.06.02"]
[Round "2"]
[White "Spassov, Liuben"]
[Black "Firman, Nazar"]
[Result "1/2-1/2"]
[WhiteElo "2322"]
[BlackElo "2485"]
[PlyCount "103"]
[EventDate "2014.06.01"]
[EventType "swiss"]
[EventRounds "9"]
[EventCountry "BUL"]
[SourceTitle "CBM 160 Extra"]
[Source "ChessBase"]
[SourceDate "2014.07.01"]
[SourceVersion "1"]
[SourceVersionDate "2014.07.01"]
[SourceQuality "1"]

1. d4 Nf6 2. c4 e6 3. g3 d5 4. Nf3 dxc4 5. Bg2 Bb4+ 6. Bd2 a5 7. 0-0 0-0 8. Bg5 Nbd7 9. Qc2 h6 10. Bxf6 Qxf6 11. a3 Bd6 12. Nbd2 e5 13. Nxc4 exd4 14. Nxd6 Qxd6 15. Rfd1 c5 16. Rac1 Qe6 17. Re1 Ra6 18. e3 dxe3 19. Rxe3 Qf6 20. Nd2 Re6 21. Ne4 Qe7 22. Rce1 b6 23. Bh3 f5 24. Nc3 Rxe3 25. Rxe3 Qf7 26. Qe2 Nf6 27. Re7 Qg6 28. f4 Ng4 29. Bg2 Qd6 30. Nd5 Nf6 31. Qe5 Qxe5 32. fxe5 Nxd5 33. Bxd5+ Kh7 34. Bf7 Rd8 35. e6 Rd1+ 36. Kf2 Rd2+ 37. Kf3 Rxb2 38. Ra7 Bxe6 39. Bxe6 Kg6 40. h4 Kf6 41. Bg8 g5 42. h5 Rh2 43. Rb7 Rxh5 44. Rxb6+ Ke5 45. Re6+ Kd4 46. Rd6+ Kc3 47. Rd5 c4 48. Rxa5 f4 49. Ra4 Kb3 50. Rxc4 Kxa3 51. gxf4 gxf4 52. Kxf4 1/2-1/2

[Event "Blagoevgrad op"]
[Site "Blagoevgrad"]
[Date "2013.10.04"]
[Round "9"]
[White "Drenchev, Petar"]
[Black "Spassov, Liuben"]
[Result "1-0"]
[WhiteElo "2488"]
[BlackElo "2327"]
[PlyCount "67"]
[EventDate "2013.09.28"]
[EventType "swiss"]
[EventRounds "9"]
[EventCountry "BUL"]
[SourceTitle "CBM 156 Extra"]
[Source "ChessBase"]
[SourceDate "2013.10.22"]
[SourceVersion "1"]
[SourceVersionDate "2013.10.22"]
[SourceQuality "1"]

1. d4 Nf6 2. c4 e6 3. Nf3 d5 4. Nc3 Bb4 5. Bg5 h6 6. Bxf6 Qxf6 7. cxd5 exd5 8. Qb3 Bxc3+ 9. bxc3 c6 10. e3 0-0 11. Bd3 Nd7 12. 0-0 Re8 13. a4 b6 14. c4 dxc4 15. Bxc4 Bb7 16. Rfd1 Re7 17. a5 Rb8 18. axb6 axb6 19. Ra7 Qd6 20. h3 Qc7 21. Nh4 Nf8 22. Nf5 Rd7 23. Qb2 Kh8 24. d5 f6 25. d6 Qd8 26. Ba2 Ng6 27. Be6 Bc8 28. Bxd7 Bxd7 29. Ne7 Ne5 30. Qc2 b5 31. Ng6+ Nxg6 32. Qxg6 Kg8 33. e4 b4 34. Rd3 1-0

[Event "Blagoevgrad op"]
[Site "Blagoevgrad"]
[Date "2013.10.01"]
[Round "5"]
[White "Kesidis, Odyseas"]
[Black "Spassov, Liuben"]
[Result "0-1"]
[WhiteElo "2119"]
[BlackElo "2327"]
[PlyCount "64"]
[EventDate "2013.09.28"]
[EventType "swiss"]
[EventRounds "9"]
[EventCountry "BUL"]
[SourceTitle "CBM 156 Extra"]
[Source "ChessBase"]
[SourceDate "2013.10.22"]
[SourceVersion "1"]
[SourceVersionDate "2013.10.22"]
[SourceQuality "1"]

1. e4 c6 2. d4 d5 3. Nc3 dxe4 4. Nxe4 Bf5 5. Ng3 Bg6 6. h4 h6 7. Nf3 Nd7 8. h5 Bh7 9. Bd3 Bxd3 10. Qxd3 e6 11. Bd2 Ngf6 12. 0-0-0 Be7 13. Kb1 0-0 14. Ne4 Nxe4 15. Qxe4 Nf6 16. Qe2 Qd5 17. Rde1 c5 18. g4 Nxg4 19. Rhg1 f5 20. c4 Qd7 21. d5 Bf6 22. dxe6 Qd6 23. Rd1 Rae8 24. Rge1 Qc6 25. Bc1 Qe4+ 26. Ka1 Rxe6 27. Qf1 Qc6 28. Rd5 b6 29. Red1 Qe8 30. Qg2 Re2 31. Rxf5 Ne3 32. Bxe3 Bxb2+ 0-1

[Event "Blagoevgrad op"]
[Site "Blagoevgrad"]
[Date "2013.09.28"]
[Round "1"]
[White "Borisov, Kiril"]
[Black "Spassov, Liuben"]
[Result "0-1"]
[WhiteElo "1822"]
[BlackElo "2327"]
[PlyCount "94"]
[EventDate "2013.09.28"]
[EventType "swiss"]
[EventRounds "9"]
[EventCountry "BUL"]
[SourceTitle "CBM 156 Extra"]
[Source "ChessBase"]
[SourceDate "2013.10.22"]
[SourceVersion "1"]
[SourceVersionDate "2013.10.22"]
[SourceQuality "1"]

1. d4 Nf6 2. c4 e6 3. Nf3 Bb4+ 4. Bd2 c5 5. a3 Bxd2+ 6. Qxd2 cxd4 7. Nxd4 a6 8. g3 Qc7 9. Nc3 0-0 10. Rc1 b6 11. Bg2 Bb7 12. Bxb7 Qxb7 13. 0-0 Rc8 14. Qd3 d6 15. Rfd1 Nbd7 16. Nf3 Rc6 17. Ne4 Nxe4 18. Qxe4 Nf6 19. Qd3 Rac8 20. Rc3 h6 21. Rdc1 R6c7 22. Nd2 Qc6 23. f3 Rd7 24. e4 Qb7 25. Nf1 Rdd8 26. Ne3 Nd7 27. Kf2 Ne5 28. Qd4 Rc6 29. f4 Nd7 30. b4 Rdc8 31. f5 Nf6 32. fxe6 fxe6 33. e5 dxe5 34. Qxe5 Rd6 35. Kg1 Rcd8 36. c5 bxc5 37. bxc5 Rc6 38. Nc4 Rd5 39. Na5 Qd7 40. Qe1 Rc7 41. c6 Qe7 42. Nb3 e5 43. Nd2 e4 44. Nf1 Qe6 45. Qe3 Rd6 46. Qc5 Nd5 47. Qc4 Nxc3 0-1

[Event "BUL-chT GpA 63rd"]
[Site "Sunny Beach"]
[Date "2013.09.19"]
[Round "1.6"]
[White "Spassov, Liuben"]
[Black "Todorov, Ognjan"]
[Result "1/2-1/2"]
[WhiteElo "2327"]
[BlackElo "2252"]
[PlyCount "64"]
[EventDate "2013.09.19"]
[EventType "team-tourn"]
[EventRounds "7"]
[EventCountry "BUL"]
[SourceTitle "CBM 156 Extra"]
[Source "ChessBase"]
[SourceDate "2013.10.22"]
[SourceVersion "1"]
[SourceVersionDate "2013.10.22"]
[SourceQuality "1"]
[WhiteTeam "Plovdiv Lokomotiv 2000"]
[BlackTeam "Sofia Lokomotiv"]
[WhiteTeamCountry "BUL"]
[BlackTeamCountry "BUL"]

1. d4 Nf6 2. c4 e6 3. Nf3 d5 4. g3 Bb4+ 5. Bd2 Bxd2+ 6. Qxd2 0-0 7. Bg2 Qe7 8. 0-0 dxc4 9. Na3 Rd8 10. Qc2 c5 11. dxc5 Na6 12. Nxc4 Nxc5 13. Rfd1 Bd7 14. Nfe5 Be8 15. Rxd8 Rxd8 16. Rd1 Nd5 17. Qd2 f6 18. e4 fxe5 19. exd5 exd5 20. Bxd5+ Kh8 21. Qe2 e4 22. Ne3 Bg6 23. h4 h6 24. Qg4 Qf6 25. h5 Bh7 26. Rd2 Rf8 27. Bc4 Nd3 28. Qe6 Qg5 29. Qd6 Rd8 30. Qc7 Rf8 31. Qd6 Rd8 32. Qc7 Rf8 1/2-1/2

[Event "Kesarovski Georgiev Memorial-A 12th"]
[Site "Sunny Beach"]
[Date "2013.09.01"]
[Round "2"]
[White "Kostin, Alexey"]
[Black "Spassov, Liuben"]
[Result "1-0"]
[WhiteElo "2313"]
[BlackElo "2327"]
[PlyCount "73"]
[EventDate "2013.08.31"]
[EventType "swiss"]
[EventRounds "9"]
[EventCountry "BUL"]
[SourceTitle "CBM 156 Extra"]
[Source "ChessBase"]
[SourceDate "2013.10.22"]
[SourceVersion "1"]
[SourceVersionDate "2013.10.22"]
[SourceQuality "1"]

1. e4 c6 2. c4 d5 3. exd5 cxd5 4. cxd5 Nf6 5. Nf3 Nxd5 6. Nc3 Nxc3 7. bxc3 g6 8. d4 Bg7 9. Be2 0-0 10. 0-0 Nc6 11. Be3 b6 12. Qa4 Bb7 13. Rfd1 Qc7 14. Rac1 Rfd8 15. c4 e5 16. d5 Nd4 17. Nxd4 exd4 18. Bxd4 Bxd4 19. Rxd4 Rxd5 20. cxd5 Qxc1+ 21. Rd1 Qc5 22. d6 Bc6 23. Qh4 Re8 24. Bf1 Bd7 25. h3 Kg7 26. a4 g5 27. Qg3 Bxa4 28. Ra1 b5 29. Ra3 Rd8 30. Rc3 Qd5 31. Qe3 h6 32. Rd3 Qe6 33. Qd4+ Qf6 34. Qd5 Rd7 35. Qc6 Qe6 36. Rd2 Rd8 37. Be2 1-0

[Event "Kesarovski Georgiev Memorial-A 12th"]
[Site "Sunny Beach"]
[Date "2013.08.31"]
[Round "1"]
[White "Spassov, Liuben"]
[Black "Enchev, Ivajlo"]
[Result "0-1"]
[WhiteElo "2327"]
[BlackElo "2450"]
[PlyCount "110"]
[EventDate "2013.08.31"]
[EventType "swiss"]
[EventRounds "9"]
[EventCountry "BUL"]
[SourceTitle "CBM 156 Extra"]
[Source "ChessBase"]
[SourceDate "2013.10.22"]
[SourceVersion "1"]
[SourceVersionDate "2013.10.22"]
[SourceQuality "1"]

1. d4 d5 2. c4 c6 3. Nc3 Nf6 4. e3 e6 5. Nf3 Nbd7 6. Qc2 Bd6 7. Bd3 dxc4 8. Bxc4 b5 9. Be2 Bb7 10. 0-0 0-0 11. e4 e5 12. dxe5 Nxe5 13. Bg5 Nxf3+ 14. Bxf3 Qe7 15. g3 h6 16. Be3 Rfe8 17. a3 Be5 18. Ne2 c5 19. Bxc5 Rac8 20. Rac1 Qe6 21. b4 Bd6 22. Nd4 Qh3 23. Rfe1 Ng4 24. Bxg4 Qxg4 25. f3 Qg5 26. Kf2 Re5 27. Nb3 Qh5 28. Kg2 f5 29. Qf2 fxe4 30. Bxd6 exf3+ 31. Kg1 Rxc1 32. Nxc1 Rxe1+ 33. Qxe1 Qd5 34. Qe8+ Kh7 35. Qe3 Qxd6 36. Qd3+ Qg6 37. Qxg6+ Kxg6 38. Kf2 Kf5 39. Nb3 Ke5 40. Ke3 g5 41. h3 Bc8 42. g4 Bb7 43. Nc5 Bc6 44. Nd3+ Kd5 45. Kxf3 Kd4+ 46. Ke2 Bg2 47. Nf2 Kc3 48. Ke3 Kb3 49. Kd4 Kxa3 50. Kc5 a6 51. Nd3 Bxh3 52. Ne5 Ka4 53. Nf7 Bxg4 54. Nxh6 Be6 55. Kd6 g4 0-1

[Event "Varna op 7th"]
[Site "Varna"]
[Date "2013.06.23"]
[Round "5"]
[White "Spassov, Liuben"]
[Black "Petkov, Hristo"]
[Result "1/2-1/2"]
[WhiteElo "2335"]
[BlackElo "2054"]
[PlyCount "81"]
[EventDate "2013.06.19"]
[EventType "swiss"]
[EventRounds "9"]
[EventCountry "BUL"]
[SourceTitle "CBM 155 Extra"]
[Source "ChessBase"]
[SourceDate "2013.08.26"]
[SourceVersion "1"]
[SourceVersionDate "2013.08.26"]
[SourceQuality "1"]

1. d4 Nf6 2. c4 e6 3. Nf3 b6 4. Nc3 Bb7 5. a3 Be7 6. d5 d6 7. e4 e5 8. Bd3 0-0 9. 0-0 Bc8 10. Nd2 g6 11. b4 a5 12. Rb1 axb4 13. axb4 Nh5 14. Re1 Nf4 15. Bf1 f5 16. g3 Nh5 17. exf5 Bxf5 18. Nde4 Nf6 19. f3 Nxe4 20. fxe4 Bc8 21. Bg2 Bg5 22. Qe2 Bd7 23. h4 Bxc1 24. Rexc1 Qc8 25. c5 bxc5 26. bxc5 Bg4 27. Qe3 Bh3 28. Rb2 Bxg2 29. Kxg2 Ra3 30. Qg5 Qa6 31. Rf2 Rxf2+ 32. Kxf2 Nd7 33. c6 Nf8 34. Qe3 Rb3 35. Rb1 Rxb1 36. Nxb1 Qa1 37. Nd2 Kg7 38. Qf3 Qa4 39. Ke2 h6 40. Qb3 Qxb3 41. Nxb3 1/2-1/2

[Event "Golden Sands Europe op 2nd"]
[Site "Golden Sands"]
[Date "2013.06.14"]
[Round "5"]
[White "Spassov, Liuben"]
[Black "Iovcov, Valerii"]
[Result "1/2-1/2"]
[WhiteElo "2335"]
[BlackElo "2178"]
[PlyCount "58"]
[EventDate "2013.06.10"]
[EventType "swiss"]
[EventRounds "9"]
[EventCountry "BUL"]
[SourceTitle "CBM 154 Extra"]
[Source "ChessBase"]
[SourceDate "2013.06.25"]
[SourceVersion "2"]
[SourceVersionDate "2013.06.25"]
[SourceQuality "1"]

1. d4 d5 2. c4 c6 3. Nc3 Nf6 4. e3 Bf5 5. cxd5 cxd5 6. Qb3 Bc8 7. f4 g6 8. Nf3 Bg7 9. Bd3 0-0 10. 0-0 Nc6 11. Ne5 Qd6 12. Bd2 Rb8 13. Rac1 Bf5 14. Bxf5 gxf5 15. Qc2 Qe6 16. Nxc6 bxc6 17. b3 Rfc8 18. Na4 Ne4 19. Qd3 Qd7 20. Nc5 Nxc5 21. Rxc5 e6 22. Rfc1 Bf8 23. Ra5 Rb5 24. Rxb5 cxb5 25. Rxc8 Qxc8 26. Qxb5 Qc2 27. Qa5 Ba3 28. Qd8+ Kg7 29. Qg5+ Kf8 1/2-1/2

[Event "Golden Sands Europe op 2nd"]
[Site "Golden Sands"]
[Date "2013.06.12"]
[Round "3"]
[White "Spassov, Liuben"]
[Black "Gavrilov, Alexei"]
[Result "1/2-1/2"]
[WhiteElo "2335"]
[BlackElo "2454"]
[PlyCount "110"]
[EventDate "2013.06.10"]
[EventType "swiss"]
[EventRounds "9"]
[EventCountry "BUL"]
[SourceTitle "CBM 154 Extra"]
[Source "ChessBase"]
[SourceDate "2013.06.25"]
[SourceVersion "2"]
[SourceVersionDate "2013.06.25"]
[SourceQuality "1"]

1. d4 Nf6 2. c4 e6 3. Nf3 d5 4. g3 Be7 5. Bg2 0-0 6. 0-0 dxc4 7. Qc2 a6 8. a4 Bd7 9. Nbd2 Bc6 10. Nxc4 Be4 11. Qb3 Nbd7 12. Nfe5 Bxg2 13. Kxg2 Nxe5 14. dxe5 Qd5+ 15. f3 b5 16. Na5 Qxb3 17. Nxb3 Nd7 18. axb5 axb5 19. Rxa8 Rxa8 20. Nd4 Nxe5 21. Nxb5 Rb8 22. Na3 f5 23. Rd1 Kf7 24. Rd4 Ke8 25. Ra4 Kd7 26. h3 Bf6 27. Kf2 Rb6 28. Ke1 h5 29. h4 Nf7 30. Nc4 Nd6 31. Nxd6 Kxd6 32. Kd1 Be5 33. Kc2 Rb5 34. f4 Bf6 35. b3 Rc5+ 36. Rc4 Ra5 37. Ra4 Rc5+ 38. Rc4 Rxc4+ 39. bxc4 Kc5 40. Kd3 Kb4 41. Bd2+ Kb3 42. Be1 c6 43. Bd2 g6 44. Be1 Bg7 45. Bd2 Bb2 46. Be1 Bf6 47. Bd2 Be7 48. Ba5 Bb4 49. Bd8 Bc3 50. e3 Be1 51. Kd4 Bxg3 52. Kc5 e5 53. fxe5 Bxe5 54. Bg5 Bg3 55. Kxc6 Kxc4 1/2-1/2

[Event "Albena Masters op"]
[Site "Albena"]
[Date "2013.06.04"]
[Round "4"]
[White "Spassov, Liuben"]
[Black "Abramovic, Bosko"]
[Result "0-1"]
[WhiteElo "2335"]
[BlackElo "2458"]
[PlyCount "86"]
[EventDate "2013.06.01"]
[EventType "swiss"]
[EventRounds "9"]
[EventCountry "BUL"]
[SourceTitle "CBM 154 Extra"]
[Source "ChessBase"]
[SourceDate "2013.06.25"]
[SourceVersion "2"]
[SourceVersionDate "2013.06.25"]
[SourceQuality "1"]

1. d4 Nf6 2. c4 e6 3. g3 d5 4. Nf3 Bb4+ 5. Bd2 Bd6 6. Bg2 Nbd7 7. Qc2 c6 8. 0-0 0-0 9. Bg5 h6 10. Bxf6 Nxf6 11. Nbd2 b6 12. e4 Be7 13. cxd5 cxd5 14. e5 Ne8 15. Rfc1 Bd7 16. Bf1 a6 17. Bd3 Ra7 18. Qd1 Nc7 19. a4 a5 20. Bb1 Na6 21. Qc2 g6 22. h4 Rc7 23. Qd1 Rxc1 24. Qxc1 Kg7 25. Nf1 Qc7 26. Bd3 Rc8 27. Qxc7 Nxc7 28. Rc1 Bd8 29. b3 Rb8 30. N1d2 b5 31. axb5 Nxb5 32. Kf1 Bb6 33. Bxb5 Bxb5+ 34. Ke1 Bd3 35. Rc3 Bb5 36. Rc1 Rb7 37. Nb1 Bd3 38. Kd2 Bc7 39. Rc3 Be4 40. Ke1 Rxb3 41. Ke2 Rb4 42. Rc1 Bb6 43. Rc3 g5 0-1

[Event "Kesarovski Georgiev Memorial 11th"]
[Site "Sunny Beach"]
[Date "2012.09.09"]
[Round "9"]
[White "Spassov, Liuben"]
[Black "Nikolov, Sasho"]
[Result "1-0"]
[WhiteElo "2329"]
[BlackElo "2422"]
[PlyCount "57"]
[EventDate "2012.09.01"]
[EventType "swiss"]
[EventRounds "9"]
[EventCountry "BUL"]
[SourceTitle "CBM 150 Extra"]
[Source "ChessBase"]
[SourceDate "2012.10.19"]
[SourceVersion "1"]
[SourceVersionDate "2012.10.19"]
[SourceQuality "1"]

1. d4 g6 2. c4 Bg7 3. e4 d6 4. Nc3 Nc6 5. d5 Nd4 6. Nge2 c5 7. dxc6 Nxc6 8. Be3 Nf6 9. f3 0-0 10. Qd2 Nd7 11. Nf4 Nc5 12. Be2 e5 13. Nfd5 f5 14. exf5 gxf5 15. f4 Nd4 16. 0-0 Be6 17. Rad1 Qd7 18. Bf3 Nxf3+ 19. Rxf3 Ne4 20. Nxe4 fxe4 21. Rg3 Bg4 22. Re1 Rae8 23. h3 Bf5 24. fxe5 Bg6 25. Nf6+ Bxf6 26. exf6 b6 27. Bd4 Kf7 28. h4 Rg8 29. Qh6 1-0

[Event "Kesarovski Georgiev Memorial 11th"]
[Site "Sunny Beach"]
[Date "2012.09.07"]
[Round "7"]
[White "Spassov, Liuben"]
[Black "Drenchev, Petar"]
[Result "1/2-1/2"]
[WhiteElo "2329"]
[BlackElo "2487"]
[PlyCount "114"]
[EventDate "2012.09.01"]
[EventType "swiss"]
[EventRounds "9"]
[EventCountry "BUL"]
[SourceTitle "CBM 150 Extra"]
[Source "ChessBase"]
[SourceDate "2012.10.19"]
[SourceVersion "1"]
[SourceVersionDate "2012.10.19"]
[SourceQuality "1"]

1. d4 Nf6 2. c4 e6 3. Nf3 c5 4. d5 exd5 5. cxd5 g6 6. Nc3 d6 7. Bf4 a6 8. a4 Bg7 9. h3 0-0 10. e3 Qe7 11. Be2 Nbd7 12. 0-0 Rb8 13. Re1 h6 14. Bh2 Ne8 15. e4 g5 16. Qd2 Ne5 17. Bxe5 Bxe5 18. Nxe5 Qxe5 19. Bf1 Nf6 20. g3 Re8 21. Rad1 Nh5 22. Qe2 Ng7 23. Qe3 Qf6 24. Qd2 Bd7 25. a5 Qg6 26. Bg2 Qh5 27. e5 Rxe5 28. Rxe5 dxe5 29. Ne4 Ne8 30. g4 Qg6 31. Nxc5 Qd6 32. Ne4 Qe7 33. d6 Qd8 34. Qd5 b6 35. axb6 Qxb6 36. Qxe5 Qxb2 37. Qxb2 Rxb2 38. Nc5 Nf6 39. Nxa6 Kf8 40. Nc5 Rb6 41. Kh2 Ke8 42. Kg3 Be6 43. Rd3 Nd7 44. Ne4 Ne5 45. Ra3 Rb3+ 46. Rxb3 Bxb3 47. f4 gxf4+ 48. Kxf4 Ng6+ 49. Ke3 Be6 50. Nf6+ Kd8 51. Be4 Ne5 52. Kd4 Nc4 53. Kc5 Ne3 54. Ng8 f5 55. Nxh6 fxe4 56. Kd4 Nc4 57. Kxe4 Nxd6+ 1/2-1/2

[Event "Kesarovski Georgiev Memorial 11th"]
[Site "Sunny Beach"]
[Date "2012.09.06"]
[Round "6"]
[White "Nedev, Tanio"]
[Black "Spassov, Liuben"]
[Result "0-1"]
[WhiteElo "2162"]
[BlackElo "2329"]
[PlyCount "94"]
[EventDate "2012.09.01"]
[EventType "swiss"]
[EventRounds "9"]
[EventCountry "BUL"]
[SourceTitle "CBM 150 Extra"]
[Source "ChessBase"]
[SourceDate "2012.10.19"]
[SourceVersion "1"]
[SourceVersionDate "2012.10.19"]
[SourceQuality "1"]

1. d4 Nf6 2. c4 e6 3. Nc3 Bb4 4. Qb3 c5 5. dxc5 Nc6 6. Nf3 Ne4 7. Bd2 Nxd2 8. Nxd2 Bxc5 9. e3 0-0 10. Be2 b6 11. 0-0 f5 12. Rad1 Bb7 13. Nf3 a6 14. Rd2 Ra7 15. a3 Kh8 16. Qd1 Ba8 17. b4 Be7 18. b5 Nb8 19. a4 a5 20. Qc2 Rc7 21. e4 fxe4 22. Nxe4 d5 23. Qb1 Nd7 24. cxd5 exd5 25. Ng3 Nc5 26. Bd3 Nxd3 27. Rxd3 Rc4 28. Nd4 Qd7 29. Qd1 Bb7 30. Re1 Bb4 31. Rf1 Bc5 32. Nf3 d4 33. Nd2 Rb4 34. f3 Qd5 35. Qa1 Bd6 36. Re1 Bf4 37. Ngf1 Rd8 38. Re4 Qd6 39. Re2 h6 40. Qa2 Bd5 41. Qa1 Qc5 42. Qd1 Bf7 43. Ng3 Rc8 44. Ngf1 Qc2 45. Qxc2 Rxc2 46. Re7 Bg6 47. Ne4 Rb1 0-1

[Event "Kesarovski Georgiev Memorial 11th"]
[Site "Sunny Beach"]
[Date "2012.09.04"]
[Round "4"]
[White "Spasov, Vasil"]
[Black "Spassov, Liuben"]
[Result "1/2-1/2"]
[WhiteElo "2581"]
[BlackElo "2329"]
[PlyCount "98"]
[EventDate "2012.09.01"]
[EventType "swiss"]
[EventRounds "9"]
[EventCountry "BUL"]
[SourceTitle "CBM 150 Extra"]
[Source "ChessBase"]
[SourceDate "2012.10.19"]
[SourceVersion "1"]
[SourceVersionDate "2012.10.19"]
[SourceQuality "1"]

1. e4 c6 2. d4 d5 3. Nd2 dxe4 4. Nxe4 Bf5 5. Ng3 Bg6 6. h4 h6 7. Nf3 Nd7 8. h5 Bh7 9. Bd3 Bxd3 10. Qxd3 e6 11. Bd2 Ngf6 12. 0-0-0 Be7 13. Kb1 0-0 14. Ne4 Nxe4 15. Qxe4 Nf6 16. Qe2 Qd5 17. Ne5 Qe4 18. Qxe4 Nxe4 19. Be1 Rfd8 20. f3 Nd6 21. Bf2 Rac8 22. c3 a6 23. Kc2 Ne8 24. g4 Bd6 25. Bh4 f6 26. Rhe1 b5 27. Nd3 Kf7 28. b3 Nc7 29. c4 a5 30. Bf2 Na6 31. c5 Bb8 32. a4 Nc7 33. Re2 Nd5 34. Rde1 Re8 35. Be3 e5 36. Bd2 exd4 37. Rxe8 Rxe8 38. Rxe8 Kxe8 39. axb5 cxb5 40. Bxa5 Kd7 41. Nb4 Nf4 42. c6+ Kc8 43. Bb6 Bd6 44. Nd3 Ne6 45. Kd2 Bc7 46. Ba7 Bd6 47. Bb6 Bc7 48. Ba7 Bd6 49. Bb6 Bc7 1/2-1/2